| 000 | 00561nam a2200145 4500 | ||
|---|---|---|---|
| 999 |
_c15991 _d15991 |
||
| 008 | 210204b ||||| |||| 00| 0 eng d | ||
| 022 | _a0732-8435 | ||
| 082 | _aDPer 657.05 C33 Feb - Aug 2012, v. 82 | ||
| 100 |
_aSmith, Ernest Patrick. _942888 |
||
| 245 |
_aThe basics of business valuation, fraud and forensic accounting, and dispute resolution services/ _cErnest Patrick Smith. |
||
| 260 |
_aNew York: _bThe New York State Society of CPA, _c©2012. |
||
| 300 |
_av82 n6, pages 6+: _bcolor illustration; _c28 cm. |
||
| 650 |
_aFraud. _938417 |
||
| 942 |
_2ddc _cPER |
||